000 01099cam a2200277Ia 4500
005 20161007073014.0
008 140716s2010 xxuad frb 001 0 eng d
020 _a9780071665544
020 _a0071665544
040 _aCO-BoUCM
_bspa
_cSandra Palacio (modificó)
_dJose A. Gerena
041 0 _aeng
245 0 0 _aTheory of constraints handbook
_ceditores James F. Cox, John G. Schleier
260 _aNueva York (Estados Unidos)
_bMcGraw-Hill
_c2010
300 _axxxvi, 1175 páginas
_bilustraciones, cuadros, gráficas
504 _aIncluye referencias bibliográficas e índices
650 1 7 _aAdministración de empresas
_9435
650 2 7 _aTeoría de las restricciones (Administración)
_925290
650 2 7 _aTeoría administrativa
_925252
650 2 7 _aAdministración de proyectos
_98567
650 2 7 _aAdministración de servicios
_98576
690 _aAdministración de empresas
_9435
700 1 _aCox, James F.
_eeditor
_963073
700 1 _aSchleier, John G.
_eeditor
_963074
942 _2DEWEY
_a16
_cLIBRORESER
_e1
_h658.001
_mT396
999 _c273703
_d273703